Normal view MARC view
  • Unesco

Entry Nombre Corporativo

Number of records used in: 221

001 - NÚMERO DE CONTROL

  • campo de control: 24941

003 - IDENTIFICADOR DE NUMERO DE CONTROL

  • campo de control: UPN

005 - FECHA Y HORA DE LA ÜLTIMA TRANSACCIÓN

  • campo de control: 20251010121646.0

008 - DATOS DE LONGITUD FIJA

  • campo de control de longitud fija: 251010nabacnnnaabn b |nc |d

035 ## - NÚMERO DE CONTROL

  • Número de control: UPN10000024950

040 ## - FUENTE DE CATALOGACIÓN

  • Lenguaje de catalogación: SPA
  • Agencia transcribe: UPN

110 2# - ENCABEZAMIENTO - NOMBRE CORPORATIVO

  • Nombre corporativo o de jurisdicción como elemento de entrada : Unesco
  • Subdivisión temática general: Administración

670 ## - FUENTE EN LA QUE SE LOCALIZARON DATOS

  • Cita de la fuente : LC
  • Información localizada: UNESCO - Management

902 ## - CATALOGADOR

  • Catalogador: JGVM/111096

902 ## - CATALOGADOR

  • Catalogador: Berenice Martínez/101025